Online szerencsejátékok helyzete Magyarországon, kitekintés a nemzetközi piacra
| Szerző: | |
|---|---|
| További közreműködők: | |
| Dokumentumtípus: | Diplomadolgozat |
| Kulcsszavak: | Online szerencsejáték Szerencsejáték Magyarország Nemzetközi piac |
| Online Access: | http://dolgozattar.uni-bge.hu/4331 |
MARC
| LEADER | 00000nta a2200000 i 4500 | ||
|---|---|---|---|
| 001 | dolg4331 | ||
| 005 | 20160622091823.0 | ||
| 008 | 151209suuuu hu om 000 hun d | ||
| 040 | |a BGE Dolgozattár Repozitórium |b hun | ||
| 041 | |a hu | ||
| 100 | 1 | |a Kohut Attila | |
| 245 | 1 | 0 | |a Online szerencsejátékok helyzete Magyarországon, kitekintés a nemzetközi piacra |c Kohut Attila |h [elektronikus dokumentum] |
| 695 | |a Online szerencsejáték | ||
| 695 | |a Szerencsejáték | ||
| 695 | |a Magyarország | ||
| 695 | |a Nemzetközi piac | ||
| 700 | 1 | |a Gulyásné Csekő dr Katalin |e ths | |
| 856 | 4 | 0 | |u http://dolgozattar.uni-bge.hu/4331/1/Kohut%20Attila%20ec7jen.pdf |z Dokumentum-elérés |